Bismil ki atmakatha (Record no. 3732)

MARC details
000 -LEADER
fixed length control field 00420nam a22001817a 4500
003 - CONTROL NUMBER IDENTIFIER
control field OSt
005 - DATE AND TIME OF LATEST TRANSACTION
control field 20250318131832.0
008 - FIXED-LENGTH DATA ELEMENTS--GENERAL INFORMATION
fixed length control field 250318b |||||||| |||| 00| 0 eng d
020 ## - INTERNATIONAL STANDARD BOOK NUMBER
International Standard Book Number 97893293050670
082 ## - DEWEY DECIMAL CLASSIFICATION NUMBER
Classification number 921
Item number BISB
100 ## - MAIN ENTRY--PERSONAL NAME
Personal name Bismil, Ramparasad
245 ## - TITLE STATEMENT
Title Bismil ki atmakatha
260 ## - PUBLICATION, DISTRIBUTION, ETC.
Place of publication, distribution, etc. Gurugram
Name of publisher, distributor, etc. Lexicon Books
300 ## - PHYSICAL DESCRIPTION
Extent 174p.
546 ## - LANGUAGE NOTE
Language note Hindi
651 ## - SUBJECT ADDED ENTRY--GEOGRAPHIC NAME
Geographic name Autobiography
942 ## - ADDED ENTRY ELEMENTS (KOHA)
Source of classification or shelving scheme Dewey Decimal Classification
Koha item type Book
Holdings
Withdrawn status Lost status Source of classification or shelving scheme Damaged status Not for loan Collection code Home library Current library Shelving location Date acquired Source of acquisition Cost, normal purchase price Inventory number Total Checkouts Full call number Barcode Date last seen Price effective from Koha item type
    Dewey Decimal Classification     Non-fiction RIC Library RIC Library General Stacks 03/18/2025 Subi Publication 250.00 199/21.02.2025   921 BISB 003020 03/18/2025 03/18/2025 Book

Venue

Rajasthan International Centre
Sansthan Path,JLN Marg, Jaipur- 302017
Phone: +91-7230904025